[Event "7th Uppsala Young Champions"]
[Site "Uppsala"]
[Date "2020.10.24"]
[Round "2.10"]
[White "Urh, Zala"]
[Black "Heimisson, Hilmir Freyr"]
[Result "1-0"]
[WhiteElo "2195"]
[BlackElo "2352"]
[Annotator "TA"]
[PlyCount "76"]
[EventDate "2020.10.23"]
[EventType "swiss"]
[EventCountry "SWE"]
[SourceTitle "playchess.com"]
[Source "ChessBase"]
[SourceQuality "1"]

{[%evp 9,76,12,0,-8,-4,1,21,3,27,0,0,0,-7,-6,0,-20,0,-8,-4,-4,4,-14,13,22,37,36,32,0,72,22,83,76,213,212,216,220,210,220,268,264,324,321,424,420,598,635,642,626,654,652,778,762,1525,674,1140,1105,1137,919,1194,1183,3910,3608,29985,29985,6283,4612,29990,29991,29990]} 1. d4 Nf6 2. c4 e6 3. Nc3 Bb4 4. e3 O-O 5. Nge2 c6 6. a3 {E46: Nimzo-Indian: Rubinstein: 4 e3 0-0 5 Ne2 without early Bd3.} Ba5 7. c5 Bc7 8. g3 {The position is equal.} b6 {[#]} 9. cxb6 $146 ({Predecessor:} 9. Bg2 Ba6 10. e4 e5 11. dxe5 Bxe5 12. f4 Bxc3+ 13. Nxc3 bxc5 14. e5 Nd5 15. Nxd5 cxd5 {1-0 (63) Mirzoev,E (2478)-Mitsis,G (2392) Anogia 2019}) 9... axb6 10. Bg2 d5 11. O-O Nbd7 12. b4 Qe7 13. Qc2 Bb7 14. e4 Rfc8 15. Rd1 c5 16. exd5 exd5 17. dxc5 bxc5 18. b5 Rab8 (18... Be5 $11 {remains equal.}) 19. Nxd5 Bxd5 20. Bxd5 Be5 {Loses the game.} (20... Nxd5 $16 {might work better.} 21. Rxd5 Rxb5) 21. Rb1 $18 Nxd5 22. Rxd5 Qe6 23. Rd1 c4 24. Nf4 Bxf4 25. Bxf4 Rb7 26. a4 {[%cal Ba3a4,Ba4a5,Ba5a6][%mdl 32]} Nf6 (26... h5 {was worth a try.} 27. a5 Nc5) 27. a5 Nd5 28. a6 Rb6 29. Qd2 Nf6 {and the idea ...c3 leaves Black hopeful.} 30. Be3 c3 {[#]} 31. Qc2 (31. Qd8+ $142 $1 {[%mdl 512]} Qe8 (31... Rxd8 32. Rxd8+) 32. Bxb6) 31... Ng4 32. Bxb6 Qxb6 33. Rd3 Qh6 34. h4 Qf6 35. b6 {[%cal Bb5b6,Bb6b7][%mdl 32]} Ne5 36. b7 Rf8 37. Rxc3 Nf3+ {[#]} 38. Rxf3 $1 {[%mdl 64] Promotion} Qxf3 {Av CentiPawn Loss W=-78/B=589. Weighted=-107/702} 1-0

[Event "7th Uppsala Young Champions"]
[Site "Uppsala"]
[Date "2020.10.24"]
[Round "2.11"]
[White "Crevatin, Leo"]
[Black "Kruckenhauser, Arthur"]
[Result "1/2-1/2"]
[WhiteElo "2181"]
[BlackElo "2301"]
[Annotator "RC"]
[PlyCount "93"]
[EventDate "2020.10.23"]
[EventType "swiss"]
[EventCountry "SWE"]
[SourceTitle "playchess.com"]
[Source "ChessBase"]
[SourceQuality "1"]
[TimeControl "5400+30"]

1. d4 {[%emt 0:00:00]} Nf6 {[%emt 0:00:00]} 2. c4 {[%emt 0:00:00]} e6 {[%emt 0:00:00]} 3. Nc3 {[%emt 0:00:00]} Bb4 {[%emt 0:00:00]} 4. e3 {[%emt 0:00:00]} b6 {[%emt 0:00:10]} 5. Nge2 {[%emt 0:01:06]} Bb7 {[%emt 0:01:57]} 6. a3 {[%emt 0:01:03]} Be7 {[%emt 0:10:14]} 7. d5 {[%emt 0:04:54]} O-O {[%emt 0:04:25]} 8. Ng3 {[%emt 0:05:51]} Re8 {[%emt 0:03:14]} 9. Be2 {[%emt 0:02:08]} c6 {[%emt 0:11:29]} 10. e4 {[%emt 0:22:01]} cxd5 {[%emt 0:14:41]} 11. exd5 {[%emt 0:01:40]} Bf8 {[%emt 0:10:32]} 12. O-O {[%emt 0:02:26]} d6 {[%emt 0:01:49]} 13. Bg5 {[%emt 0:05:03]} Nbd7 {[%emt 0:02:27]} 14. dxe6 {[%emt 0:08:30]} fxe6 {[%emt 0:00:23]} 15. Bh5 {[%emt 0:01:44]} g6 {[%emt 0:01:25]} 16. Bf3 {[%emt 0:00:40]} Qc8 {[%emt 0:03:35]} 17. Rc1 {[%emt 0:06:56]} Be7 {[%emt 0:03:58]} 18. Re1 {[%emt 0:05:19]} Bxf3 {[%emt 0:03:58]} 19. Qxf3 {[%emt 0:00:09]} Rf8 {[%emt 0:00:29]} 20. Qe2 {[%emt 0:02:53]} e5 {[%emt 0:02:00]} 21. Rcd1 {[%emt 0:02:38]} Rf7 {[%emt 0:02:57]} 22. Bxf6 {[%emt 0:01:29]} Nxf6 {[%emt 0:00:24]} 23. Nd5 {[%emt 0:00:35]} Qc6 {[%emt 0:02:29]} 24. Nxf6+ {[%emt 0:00:22]} Rxf6 {[%emt 0:01:07]} 25. Ne4 {[%emt 0:00:15]} Rf4 {[%emt 0:00:23]} 26. f3 {[%emt 0:01:27]} Rd8 {[%emt 0:04:06]} 27. Qd3 {[%emt 0:02:42]} g5 {[%emt 0:01:32]} 28. h3 {[%emt 0:03:43]} Kg7 {[%emt 0:02:12]} 29. Qd5 {[%emt 0:04:02]} Qc8 {[%emt 0:01:10]} 30. b4 {[%emt 0:01:46]} Qf5 {[%emt 0:03:03]} 31. Ng3 {[%emt 0:02:59]} Qf7 {[%emt 0:02:00]} 32. Qxf7+ {[%emt 0:03:18]} Kxf7 {[%emt 0:00:10]} 33. Ne4 {[%emt 0:00:18]} Ke6 {[%emt 0:00:29]} 34. Kf2 {[%emt 0:02:05]} h5 {[%emt 0:00:50]} 35. g3 {[%emt 0:00:15]} Rf7 {[%emt 0:00:24]} 36. Ke2 {[%emt 0:00:07]} Rc8 {[%emt 0:01:41]} 37. Rc1 {[%emt 0:00:06]} Rff8 {[%emt 0:00:09]} 38. b5 {[%emt 0:03:09]} Rc7 {[%emt 0:01:49]} 39. Rc3 {[%emt 0:00:36]} Rfc8 {[%emt 0:00:30]} 40. Rec1 {[%emt 0:00:10]} Rg8 {[%emt 0:01:14]} 41. Nf2 {[%emt 0:00:26]} Rd7 {[%emt 0:00:45]} 42. Rd3 {[%emt 0:00:56]} Rc8 {[%emt 0:00:36]} 43. Nd1 {[%emt 0:01:04]} Kf7 {[%emt 0:00:32]} 44. Ne3 {[%emt 0:00:19]} Ke6 {[%emt 0:00:31]} 45. Nd5 {[%emt 0:00:28]} Bf8 {[%emt 0:00:45]} 46. a4 {[%emt 0:02:04]} Bh6 {[%emt 0:00:34]} 47. Ne3 {[%emt 0:01:38]} 1/2-1/2

[Event "7th Uppsala Young Champions"]
[Site "Uppsala"]
[Date "2020.10.24"]
[Round "2.12"]
[White "Frank, Adam"]
[Black "Mica, Marek"]
[Result "1/2-1/2"]
[WhiteElo "2129"]
[BlackElo "2294"]
[Annotator "TA"]
[PlyCount "97"]
[EventDate "2020.10.23"]
[EventType "swiss"]
[EventCountry "SWE"]
[SourceTitle "playchess.com"]
[Source "ChessBase"]
[SourceQuality "1"]

{[%evp 26,97,14,12,31,35,35,25,24,-14,0,0,0,-52,-22,-25,16,0,19,18,79,74,53,18,141,129,341,335,343,344,349,349,331,283,282,283,359,325,373,345,380,385,372,221,213,220,426,418,333,44,44,18,26,28,21,26,20,13,12,10,33,33,36,0,0,0,0,0,217,218,217,217,217,217]} 1. e4 c6 2. d4 d5 3. Nd2 dxe4 4. Nxe4 Bf5 5. Ng3 Bg6 6. h4 h6 7. Nf3 Nd7 8. h5 Bh7 9. Bd3 Bxd3 10. Qxd3 e6 11. Bd2 Ngf6 12. O-O-O Be7 13. Kb1 O-O 14. Ne4 Nxe4 {B19: Classical Caro-Kann: 4...Bf5 main line.} 15. Qxe4 Nf6 16. Qe2 Qd5 {White has an edge.} 17. Rh3 {[#]} Rfd8 $146 (17... Nxh5 18. Ne5 $18) ({Predecessor:} 17... Qe4 18. Qf1 c5 19. Re1 Qc6 20. dxc5 Bxc5 21. Ne5 Qb6 22. Rf3 Bd4 23. Nc4 Qc7 {0-1 (62) Majed Ali,A (1630)-Dodu,I (1843) Maribor 2012}) 18. g4 Qe4 19. Be3 ({Better is} 19. Qxe4 $11 Nxe4 20. Be3) 19... Nxg4 20. Rg1 {aiming for Nd2.} Nxe3 21. fxe3 Bf6 22. Rhg3 Kf8 (22... Rd7 $11) 23. Rg4 $16 {[%mdl 1024] White has strong compensation.} Qh7 24. Nd2 c5 (24... Rd5 $11 {remains equal.}) 25. Ne4 (25. dxc5 $6 Rd7 $11) 25... Rac8 $2 {[#]} (25... Rd5 $16 {might work better.}) 26. Qg2 $1 $18 (26. dxc5 Be5 $11) (26. Nxc5 Rd5 $16) 26... Rc7 27. Nxf6 (27. Nxc5 Rdc8 $14) 27... gxf6 28. Rg8+ Ke7 {[#]} 29. Rg7 $1 {[%cal Rg7h7]} Qh8 30. Qg6 Qf8 31. Rf1 (31. Qxh6 Rcd7 $18) 31... f5 32. Qxh6 cxd4 33. Qg5+ Kd7 34. exd4 (34. h6 $142) 34... Qe7 {intending ...Qxg5.} 35. Qf4 Qf6 $2 (35... Qd6 36. Qf2 (36. Rxf7+ Kc8 $16) 36... Kc8) 36. Rfg1 Rh8 37. R1g6 $2 ({White should try} 37. b3 $18) 37... Qxg6 $1 $14 38. Rxg6 (38. hxg6 $5 {[%cal Rg7f7]} Rh1+ 39. Qc1 Rxc1+ 40. Kxc1 $14) 38... fxg6 {[%mdl 4096] Endgame KQ-KRR} 39. h6 Rcc8 40. Qe5 {Black must now prevent Qg7+.} Rcg8 41. c4 {next c5 is good for White.} g5 42. d5 exd5 43. Qxf5+ ({Less strong is} 43. Qxd5+ Kc7 $18) 43... Kc7 44. h7 ({Much less strong is} 44. Qxd5 $6 Kb8 $16) 44... Re8 $1 45. cxd5 {And now d6+! would win.} Kb8 $1 46. d6 {d7 is the strong threat.} Ka8 $2 (46... g4 $1 $11 {and Black stays safe.}) 47. d7 $18 {White is clearly better.} Rd8 {With the idea ...g4.} 48. Qxg5 Rxd7 49. Qg8+ $1 {[%mdl 64] Double Attack. Av CentiPawn Loss W=-22/B=-28. Weighted=-34/-30} 1/2-1/2

[Event "7th Uppsala Young Champions"]
[Site "Uppsala"]
[Date "2020.10.24"]
[Round "2.13"]
[White "Muetsch, Annmarie"]
[Black "Nilssen, Ellen Fredericia"]
[Result "1/2-1/2"]
[WhiteElo "2226"]
[BlackElo "2209"]
[Annotator "TA"]
[PlyCount "61"]
[EventDate "2020.10.23"]
[EventType "swiss"]
[EventCountry "SWE"]
[SourceTitle "playchess.com"]
[Source "ChessBase"]
[SourceQuality "1"]

{[%evp 9,61,7,24,1,21,-14,-20,-25,-28,-33,-10,-20,-15,-26,-14,-12,-15,-21,-8,-18,0,-14,-18,-17,-16,-18,-9,-15,0,-3,-3,-3,-3,-18,-13,-12,-13,-12,-2,-7,0,-7,-8,-8,0,0,0,0,0,0,0,0,0,0]} 1. e4 e6 2. d4 d5 3. exd5 exd5 4. Nf3 Bd6 5. Bd3 Nc6 {[%cal Bb8c6,Bc6b4,Bb4d3][%mdl 32]} 6. Nc3 {C01: French: Exchange Variation.} Nge7 7. h3 Nb4 8. Nb5 Nxd3+ 9. Qxd3 Bf5 10. Qc3 O-O 11. O-O c6 12. Nxd6 {The position is equal.} Qxd6 13. Re1 Rfe8 14. Bg5 Ng6 {[#]} 15. Rxe8+ $146 ({Predecessor:} 15. Nh4 Nxh4 16. Bxh4 Qg6 17. Qg3 Qxg3 18. Bxg3 Bxc2 19. f3 f6 20. Rxe8+ Rxe8 21. Re1 Rxe1+ 22. Bxe1 Bb1 {½-½ (22) Anand,V (2759)-So,W (2778) Leuven 2018}) 15... Rxe8 16. Re1 Rxe1+ 17. Nxe1 h6 18. Bd2 Qe7 19. Qe3 (19. Qf3 {with more complications.} Be6 20. a4 b6 21. a5 Qc7 22. Nd3) 19... Qxe3 20. Bxe3 $11 {[%mdl 4096] Endgame KBN-KBN} h5 21. c3 Kf8 22. Kf1 Ke7 23. Ke2 Kd6 24. Kd2 Nf8 25. Nf3 Ne6 26. Ng5 Nxg5 (26... Nd8 {seems wilder.} 27. Nf3 f6 28. Ne1 Ke6 29. Bf4 a6) 27. Bxg5 g6 28. Bf4+ Kd7 29. h4 Bb1 30. a3 Bf5 31. g3 {Not much happened in this game. Av CentiPawn Loss W=-6/B=-5. Weighted=-5/-5} 1/2-1/2

[Event "7th Uppsala Young Champions"]
[Site "Uppsala"]
[Date "2020.10.24"]
[Round "2.14"]
[White "Falkevall, Axel"]
[Black "Olsson, William"]
[Result "1-0"]
[WhiteElo "2121"]
[BlackElo "2192"]
[Annotator "TA"]
[PlyCount "85"]
[EventDate "2020.10.23"]
[EventType "swiss"]
[EventCountry "SWE"]
[SourceTitle "playchess.com"]
[Source "ChessBase"]
[SourceQuality "1"]

{[%evp 16,85,36,0,30,0,45,47,57,46,54,67,64,56,151,17,21,17,35,16,16,-48,-26,-61,-74,-68,-75,-105,-41,-33,-50,-100,-97,-109,-98,-105,-98,-100,-70,-132,-129,-101,-101,-102,-66,-62,0,0,0,0,8,0,8,0,0,0,310,307,296,249,350,205,298,288,327,308,29955,29948,9179,9179,29997,29996]} 1. e4 c5 2. Nf3 d6 3. d3 Nc6 4. g3 g6 5. Bg2 Bg7 6. O-O e6 7. c3 Nge7 8. Re1 O-O 9. a4 Rb8 {A04: Unusual lines after 1 Nf3 and King's Indian Attack.} 10. Be3 {[#]} Qc7 $146 ({Predecessor:} 10... a6 11. Nbd2 b5 12. axb5 axb5 13. d4 b4 14. Nc4 bxc3 15. bxc3 d5 16. exd5 Nxd5 17. Bg5 Qc7 {1-0 (51) Mijatovic,D (2177)-Ivanovic,L (2108) Bajina Basta 2020}) 11. d4 b6 {White is slightly better.} 12. Na3 a6 13. Rc1 Bb7 14. b4 Na7 {[#]} ({Black should try} 14... Qd8 $14) 15. e5 (15. a5 $1 $16 {[%mdl 512]} bxa5 16. bxc5 (16. dxc5 dxc5 17. Bxc5 Rfd8 $16)) 15... dxe5 $11 16. dxc5 Nac8 17. Nc4 (17. Qe2 {seems wilder.} Nd5 18. Bd2 bxc5 19. Nxe5 Ncb6 20. a5) 17... Nd5 $1 18. Nxb6 (18. Nfxe5 $11 b5 19. axb5 axb5 20. c6 bxc4 21. Bxd5 (21. cxb7 Nxe3 22. Rxe3 Bxe5 $14) 21... Qxe5 22. Bg2 (22. cxb7 Qxd5 23. Qxd5 exd5 $11)) 18... Nxe3 $15 19. fxe3 {And now Qd7 would win.} Nxb6 20. cxb6 Qxb6 21. Nd2 Bh6 (21... Bxg2 $17 22. Kxg2 Qc6+ 23. Kg1 Rfd8) 22. Qe2 Bxg2 23. Kxg2 Qc6+ 24. Nf3 Qxa4 25. Nxe5 Bg7 26. Nd3 Rfd8 27. Nc5 (27. Red1 $15) 27... Qc6+ $17 28. Kg1 {[#]} a5 $1 {[%mdl 512]} 29. Rf1 (29. bxa5 Qxc5) 29... axb4 30. cxb4 Rxb4 (30... Qe8 $15 31. Qc4 Bh6) 31. Nd3 $11 Qb5 32. Qf3 $1 {[%cal Rf3f7]} Rb3 $132 {[%mdl 2048] Black is not holding back} 33. Qxf7+ Kh8 34. Rc7 {[%csl Gc7][%cal Rf7g7]} Rg8 35. Nc5 Rxe3 $2 {[%mdl 8192]} (35... Rb1 $11) 36. Nxe6 $18 Rxe6 37. Qxe6 Re8 (37... Qe5 $142 38. Qxe5 Bxe5) 38. Qc4 (38. Qf7 $142 {[%csl Gc7][%cal Rf7g7]} Rg8 39. Kg2) 38... Qb2 (38... Qxc4 $142 39. Rxc4 Kg8) 39. Kh1 h5 {[#]} 40. Qf7 $1 Re2 $2 {[#]} (40... Qe5 $18 41. Rb7 Rg8) 41. Qf8+ $3 {[%mdl 512]} Kh7 {[#]} (41... Bxf8 42. Rxf8#) 42. Rxg7+ $1 {[%mdl 512]} Kh6 (42... Qxg7 43. Rf7) 43. Rb7+ {Av CentiPawn Loss W=-19/B=523. Weighted=-26/125} 1-0

[Event "7th Uppsala Young Champions"]
[Site "Uppsala"]
[Date "2020.10.24"]
[Round "2.15"]
[White "Wernberg, Hugo"]
[Black "Seo, Jung Hyun"]
[Result "1-0"]
[WhiteElo "2211"]
[BlackElo "1936"]
[Annotator "TA"]
[PlyCount "61"]
[EventDate "2020.10.23"]
[EventType "swiss"]
[EventCountry "SWE"]
[SourceTitle "playchess.com"]
[Source "ChessBase"]
[SourceQuality "1"]

{[%evp 26,60,23,15,31,35,30,41,31,0,15,11,8,5,25,-36,93,85,93,93,227,237,300,288,287,295,773,756,1092,1039,29988,29989,29989,29990,29995,29996,29999]} 1. e4 c6 2. d4 d5 3. Nc3 dxe4 4. Nxe4 Bf5 5. Ng3 Bg6 6. h4 h6 7. Nf3 Nd7 8. h5 Bh7 9. Bd3 Bxd3 10. Qxd3 e6 11. Bd2 Ngf6 12. O-O-O Be7 13. Kb1 O-O 14. Ne4 Nxe4 {B19: Classical Caro-Kann: 4...Bf5 main line.} 15. Qxe4 Nf6 16. Qe2 Qd5 {White is slightly better.} 17. Be3 Ng4 18. Bf4 Qb5 19. Rd3 Rad8 {[#]} 20. Rh3 $146 (20. Rhd1 $11) ({Predecessor:} 20. Nd2 Qf5 21. Rf3 Rxd4 22. Be3 Qe5 23. Nc4 Qe4 24. Nd2 Qe5 25. Nc4 Qe4 26. Nd2 Qe5 {½-½ (26) Jones,G (2668)-Swapnil,S (2532) Douglas 2017}) 20... Bf6 (20... Nf6 $15 {stays ahead.}) 21. Rg3 $1 $16 {[%cal Rg3g4]} Qf5 {[#]} 22. Bc1 $1 e5 {[#] This move loses the game for Black.} (22... b6 $16 {might work better.}) 23. Nd2 $1 $18 Nxf2 24. Rgf3 Qxh5 25. Qxf2 exd4 $2 (25... Bh4 26. g3 Bg5 27. dxe5 b6) 26. Rxf6 gxf6 27. Ne4 Kh8 28. Qxf6+ {[%mdl 64] Double Attack. White mates.} Kh7 29. Rh3 Qxh3 30. gxh3 Rh8 31. Qxf7# {Av CentiPawn Loss W=153/B=-128. Weighted=49/-152} 1-0

[Event "7th Uppsala Young Champions"]
[Site "Uppsala"]
[Date "2020.10.24"]
[Round "2.16"]
[White "Trost, Edvin"]
[Black "Ostensson, Julia"]
[Result "1-0"]
[WhiteElo "2202"]
[BlackElo "1562"]
[Annotator "TA"]
[PlyCount "61"]
[EventDate "2020.10.23"]
[EventType "swiss"]
[EventCountry "SWE"]
[SourceTitle "playchess.com"]
[Source "ChessBase"]
[SourceQuality "1"]

{[%evp 14,61,36,29,76,73,105,92,122,82,114,87,81,87,71,52,128,123,254,267,375,219,429,379,320,151,232,254,276,265,240,266,262,246,247,252,314,306,497,500,505,497,631,605,762,751,1112,1096,2107,2071]} 1. d4 Nf6 2. c4 g6 3. g3 Bg7 4. Bg2 O-O 5. Nc3 d6 6. Nf3 Nbd7 7. O-O e5 8. e4 Kh8 {[#] 8...exd4 is the modern continuation. E68: King's Indian: Fianchetto: 6...Nbd7 7 0-0 e5 8 e4.} 9. Qc2 $146 ({Predecessor:} 9. h3 Ng8 10. Be3 f5 11. exf5 gxf5 12. dxe5 Nxe5 13. Nxe5 Bxe5 14. f4 Bg7 15. c5 Re8 16. Qf3 {1-0 (30) To,N (2266)-Bognar,C (2249) Hungary 2013}) 9... Nh5 10. Rd1 c6 {White is better.} 11. b3 Qc7 12. dxe5 Nxe5 {With the idea ...Bg4.} 13. Ba3 Rd8 14. Nxe5 Bxe5 ({Black should try} 14... dxe5 $14 15. Rxd8+ Qxd8) 15. Rd3 $16 c5 {A mistake that costs the game.} (15... Kg8 $16) 16. Rad1 $18 a6 (16... Bg4 $142) 17. Bb2 (17. Nd5 $142 Qc6 18. Bb2) 17... Nf6 $2 (17... Be6 18. Na4 f6) 18. Kh1 Be6 19. Bc1 (19. f4 $18 {has better winning chances.}) 19... Rac8 (19... Ne8 $16 {was called for.} 20. Bg5 Rdb8) 20. f4 Bd4 21. Ne2 Bg4 22. Nxd4 Bxd1 23. Qc3 {[#] Threatening mate with Nf5.} cxd4 24. Qxd4 Qe7 {White should prevent ...Bc2.} 25. Rxd1 Kg8 $2 (25... h5 26. Ba3 Kg7 27. Bxd6 Rxd6 28. Qxd6 Qxd6 29. Rxd6 b5) 26. Bb2 {White is clearly winning.} Kg7 {Now ...h5 and Black clings on.} 27. g4 h6 28. g5 hxg5 29. fxg5 {[%mdl 64] [#] Pin} Qe5 30. Qd2 Qe6 31. Bxf6+ {Av CentiPawn Loss W=-23/B=-111. Weighted=-27/-109} 1-0

[Event "7th Uppsala Young Champions"]
[Site "Uppsala"]
[Date "2020.10.24"]
[Round "2.17"]
[White "Muntean, Victor"]
[Black "Soderstrom, Adrian"]
[Result "0-1"]
[WhiteElo "1968"]
[BlackElo "2168"]
[Annotator "TA"]
[PlyCount "34"]
[EventDate "2020.10.23"]
[EventType "swiss"]
[EventCountry "SWE"]
[SourceTitle "playchess.com"]
[Source "ChessBase"]
[SourceQuality "1"]

{[%evp 13,34,12,12,20,26,23,20,-22,-26,-194,-204,-172,-172,-453,-435,-429,-321,-453,-456,-480,-441,-443,-418]} 1. e4 e5 2. Nf3 Nc6 3. Bc4 Bc5 4. c3 Nf6 5. d3 d6 6. O-O a6 7. a4 {is currently scoring better than 7.Bb3. Played by Ian Nepomniachtchi in August 2020.} h6 8. Re1 {C54: Giuoco Piano: 4 c3 Nf6, main lines with 5 d4 and 5 d3.} Ba7 9. Nbd2 g5 10. d4 {The position is equal.} g4 11. dxe5 $2 (11. Nh4 $11 {and White has nothing to worry.}) 11... gxf3 $19 12. exf6 {[#]} Ne5 $1 {[%cal Bc6e5,Be5c4,Bc4d2][%mdl 32] Strongly threatening ...fxg2.} 13. gxf3 $2 (13. Bxf7+ {might work better.} Nxf7 14. Nxf3) 13... Qxf6 {Hoping for ...Rg8+.} 14. Kh1 {[#]} Be6 $146 ({Predecessor:} 14... Bh3 15. Bf1 Bxf1 16. Rxf1 Rg8 17. Rg1 O-O-O 18. Qf1 Rxg1+ 19. Qxg1 Nd3 20. Qg3 Qh8 {0-1 (27) Lubbe,M (2227)-Vetoshko,V (2503) Neustadt an der Weinstrasse 2020}) 15. Qe2 (15. Bxe6 $142 fxe6 16. Rg1) 15... Nxc4 {Black is clearly winning.} 16. f4 Nxd2 17. Bxd2 O-O-O {Black took control after the opening.} 0-1

[Event "7th Uppsala Young Champions"]
[Site "Uppsala"]
[Date "2020.10.24"]
[Round "2.18"]
[White "Ruzic, Pia Marie"]
[Black "Rozman, Monika"]
[Result "1/2-1/2"]
[WhiteElo "1929"]
[BlackElo "2129"]
[Annotator "TA"]
[PlyCount "149"]
[EventDate "2020.10.23"]
[EventType "swiss"]
[EventCountry "SWE"]
[SourceTitle "playchess.com"]
[Source "ChessBase"]
[SourceQuality "1"]

{[%evp 11,149,14,32,-13,-7,-31,-15,-14,-14,-8,47,35,28,-25,-13,-7,-25,-16,-2,-25,-17,-33,-31,-50,0,-32,0,0,0,-25,0,-17,43,57,116,13,18,16,20,19,53,-31,42,0,0,-14,-6,-14,0,0,0,0,0,0,0,-94,34,0,0,0,0,0,0,0,0,0,0,0,0,-66,-62,-66,-72,-84,-48,-48,-48,-48,-48,-48,-40,-48,-8,-84,-84,-84,-84,-84,-84,-84,-84,-84,-84,-84,-84,-84,-84,-84,-84,-84,-84,-84,-8,-8,-8,-15,0,0,0,-15,-15,-15,-15,-15,-8,-8,-8,-8,-8,-8,-8,-8,-8,-8,-8,-8,-8,-8,0,-8,0,-8,8,8,8,0,8,8,8,8]} 1. c4 c6 2. Nf3 Nf6 3. g3 d5 4. d4 e6 5. Bg2 Nbd7 6. O-O dxc4 7. Nbd2 {E04: Open Catalan: 5 Nf3.} b5 8. a4 Bb7 9. Qc2 {[#]} Nd5 $146 ({Predecessor:} 9... Bd6 10. b3 cxb3 11. Nxb3 O-O 12. Bd2 Nb6 13. Na5 Qd7 14. e4 Be7 15. Ne5 Qc8 16. Naxc6 {1-0 (32) Jaggy,M (1896)-Neuhoff,L (1665) Wil 2020}) 10. e4 N5f6 (10... Nb4 $11 11. Qc3 Nd3) 11. b3 $14 cxb3 12. Qxb3 (12. Nxb3 $142 Rc8 13. Bg5) 12... a6 13. Ba3 Bxa3 14. Qxa3 {Threatening e5.} Qe7 15. Qb3 O-O 16. e5 Nd5 17. Ne4 Rab8 18. Nd6 {[%cal Ra4b5]} N7b6 19. axb5 cxb5 20. Nd2 f5 21. Qa3 Ra8 (21... Na4 $11) 22. Nb3 Nc8 {[#]} (22... f4 $14) 23. Nxb7 (23. Na5 $1 $16 {[%cal Ra5b7]} Nxd6 24. exd6) 23... Qxb7 $11 24. Nc5 Qc6 25. Rfc1 Ncb6 26. Qb3 (26. Nxa6 $14 Qd7 27. Qb2) 26... Rfc8 (26... a5 $15) 27. Nd3 Qd7 28. Rxc8+ Qxc8 29. Rc1 Qe8 30. Nb4 {[%cal Rb4d5]} Rc8 $1 {[%cal Rc8c1]} 31. Rc5 {[%cal Rg2d5]} ({Much worse is} 31. Rxc8 Qxc8 32. Qa3 (32. Bxd5 Nxd5 33. Nxd5 Qc1+ 34. Kg2 Qc6 $17 {[%mdl 64] Pin}) 32... Nxb4 $17) 31... Nxb4 32. Qxb4 Qd7 33. h4 {[#]} (33. Rxc8+ $11 {keeps the balance.} Qxc8 34. Qd6) 33... h6 ({Black should play} 33... Kf7 $1 $17 34. Bf3 Qe7) 34. Qa5 Qxd4 35. Rxc8+ Nxc8 36. Qxa6 {[%mdl 64] Double Attack} Nb6 37. Qxb5 {And now Qe8+ would win.} Nd7 38. Qc6 Kf7 39. Qc7 Kg6 40. Qd8 (40. Qc6 $11 Nc5 41. Qe8+ Kh7 42. h5) 40... Qa1+ $1 $15 41. Kh2 Nxe5 42. Qe8+ Kh7 {( -> ...Ng4+)} 43. Qxe6 Ng4+ {[%mdl 64] Double Attack} 44. Kh3 Nxf2+ 45. Kh2 Ng4+ 46. Kh3 Qe5 (46... Qf6 {looks sharper.} 47. Qd5 Ne3 48. Qd3 Nxg2 49. Kxg2 Qc6+) 47. Bd5 (47. Qxe5 $1 $11 Nxe5 48. h5) 47... Qxe6 $17 48. Bxe6 {[%mdl 4096] Endgame KB-KN} Kg6 49. Kg2 Kf6 50. Bc8 Ke5 51. Kf3 Nf6 52. Bb7 g6 53. Bc8 Ng4 54. Bd7 Kf6 {Hoping for ...Ne5+.} 55. Be8 g5 56. hxg5+ Kxg5 (56... hxg5 $17 57. Bh5 Nh6) 57. Bb5 $11 {The position is equal.} Ne5+ 58. Kg2 Kg4 59. Be2+ Kg5 60. Bb5 Nf7 61. Kf3 Nd8 62. Bd7 h5 63. Ba4 Ne6 64. Bd7 Nc5 65. Bc6 Nb3 {aiming for ...Nd4+.} 66. Ba4 (66. Bd7 {seems wilder.} Nd2+ 67. Kg2 Kg4 68. Ba4 h4 69. Bd1+) 66... Nd2+ 67. Ke3 Nc4+ (67... Ne4 $5 68. Kf3 $8 Nf6 $11) 68. Kf3 Ne5+ 69. Kg2 Nc4 70. Kf3 Nd2+ 71. Ke3 Kg4 {Strongly threatening ...Nf1+.} (71... Ne4 $5 72. Kf3 $8 Nf6 $11) 72. Kxd2 Kxg3 73. Ke2 h4 74. Bc6 h3 75. Bb7 {Av CentiPawn Loss W=-12/B=-10. Weighted=-14/-13} 1/2-1/2